00790nam a2200205Ia 450000500170000000800410001708200220005811000330008024501040011326000290021730000180024633600100026433700140027433800120028850501760030065000250047665000260050165000310052765000260055820231102150706.0120622s2007 mx r 000 0 spa d a320.531072bR710c aRosa Jiménez, Carlos de la13aLo cíclico de la historiab : un ensayo sobre el poder en Méxicoc/ Carlos de la Rosa Jiménez3 aMéxicob : SEPc, 2007 a100 páginas atexto asin medio avolumen aLa ideología La democracia El derecho a la revolución Intereses contra principios La sociedad civil La división de poderes La reforma del estado El futuro inmediato41aDEMOCRACIAzMÉXICO40aIDEOLOGÍAzMÉXICO43aPRESIDENCIALISMOzMÉXICO44aSOBERANÍAzMÉXICO